| 000 | 00709nam0a22002411 4500 | ||
|---|---|---|---|
| 001 | rc\345297 | ||
| 005 | 20030307123328.5 | ||
| 010 |
_a5-250-00287-0 _9150000 |
||
| 035 | _a(NLR Aleph) 005588608 | ||
| 090 |
_a6188356 _c6188356 |
||
| 100 | _a20030307d1989 u |0rusy50 ca | ||
| 101 | 0 | _arus | |
| 102 | _aRU | ||
| 105 | _ay ||||||||| | ||
| 200 | 1 | _aЭкономика и политика в эпоху диктатуры пролетариата | |
| 210 |
_aМ. _cПолитиздат _d1989 |
||
| 215 |
_a13, [1] с. _d20 |
||
| 700 | 1 |
_aЛенин _bВ. И. _gВладимир Ильич |
|
| 801 | 0 |
_aRU _bNLR _gpsbo |
|
| 801 | 1 |
_aRU _bELAR _2rusmarc |
|
| 852 |
_aNLR _bЛ _j1-19/13-27 |
||
| 942 | _cBOOK | ||
| 980 | _aNB | ||